LEADER 01190nam a2200289 i 4500 001 000000175876 003 CaOOAMICUS 005 20081120000000.0 008 081120s2000 it u000 u ita u 013 $a153361 020 $a88-339-1244-2 040 $aSeMil$bita 100 1 $aBa, Amadou Hampate.$0(OLS)http://semarc/name/42062 245 10$aGesù visto da un musulmano /$cAmadou Hampate Ba. 260 $aTorino :$bBollati Boringhieri,$c2000. 300 $a101 p. ;$c18 cm. 490 0 $aVariantine 500 $aContiene : Appendice. - Dono di don Romano Martinelli. 650 4$aGesù Cristo - Concezione islamica.$0(OLS)http://semarc/subject/7464 774 0 $aHeckmann, Hélène$tA proposito del simbolo della convergenza.$w()306158 830 0$aVariantine.$0(OLS)http://semarc/title/9904 850 $aSeMil 852 $aSeMil$W1$xVenegono$y1$m2R I 68$j126698$B126698$CSeMilBibl$Z2$F137422 $81 961 $aOmaggio: Martinelli don Romano 996 $6020$a88-339-1244-2$9(OLS)http://semarc/number/164242 996 $6245$aGesù visto da un musulmano$9(OLS)http://semarc/title/252291 996 $6260$aTorino :$bBollati Boringhieri$9(OLS)http://semarc/publisher/31556 LEADER 00458nab a2200145 i 4500 001 000000312532 003 CaOOAMICUS 005 20180831173054.0 008 180831n xx uu u0 0und r 013 $a21625 040 $aSeMil$bita 100 1 $aPast, Romualdo.$0(OLS)http://semarc/name/95232 245 10$aAncora sul Quietismo in Piemonte. 773 0 $t[Gennaio-Giugno].$g191-194$w()274210 996 $6245$aAncora sul Quietismo in Piemonte$9(OLS)http://semarc/title/386934